Регионална библиотека "Любен Каравелов" - Русе

Изминат път (Запис номер 154419)

MARC детайли
000 -Лидер
Контролно поле с фиксирана дължина 01855nam a2200385 a 4500
003 - Код на организацията, давaща контролен номер
Контролно поле BLK
005 - Дата и час на последна редакция
Контролно поле 20240624115351.0
008 - Елементи от данни с фиксирана дължина
fixed length control field 180410b bul|||||r ||||||| ||bul||
010 ## - Наследен системен номер
LC control number KNG00161036000
040 ## - Източник на каталожния запис
Идентификатор на билиотеката - собственик на записа BLK
041 ## - Код за език
Код за езика на текст/звукозапис или на отделно заглавие Български
Код за езика КДБФ Български
080 ## - УДК
Текстов определител УДК Военно изкуство. Общо върху военните операции. Тактика. Стратегия. Бойно поле
УДК код - определител по УДК 355.4
УДК определител (092)
УДК - код + определител 355.4(092)
100 1# - Редна дума - Автор
Автор Будьони, Семьон Михайлович
Авторска отговорност първи автор
R(LIN) 332437
139 ## - Редно поле
Редна дума Будьони, Семьон Михайлович
Авторски знак Бу - Б 84
245 10 - Сведения за заглавието
Заглавие Изминат път
Подзаглавни данни Спомени : Кн. 1 -
Редно поле (дума) Семьон Михайлович Будьони; прев. от рус. на том Христо Иванов Черняев; прев. от рус. на том Петър Илиев Байчев
Том Кн. 1
257 ## - Страна на издаване
Страна на създаване/издаване СССР
260 ## - Област на издателските данни
Място на издаване, разпространение и проч. София
Име на издателя, разпространителя и проч. Държ. воен. изд.
Година на издаване 1959
300 ## - Физическа характеристика
Страници 424 с.
Илюстрации и др. с ил., к.
Размери/Мащаб 21 см
380 ## - Жанр
Жанр Обществени науки
650 #4 - Допълнително описание по предмет – тема
Основно описание – тема или топоним Военна история - СССР
9 (RLIN) 254921
650 #4 - Допълнително описание по предмет – тема
Основно описание – тема или топоним Военни дейци - биографии
9 (RLIN) 281286
651 #4 - Допълнително описание по предмет - топоним
Географско понятие СССР
9 (RLIN) 179592
653 ## - Ключова дума – ненормативна
Ключова дума военно дело
653 ## - Ключова дума – ненормативна
Ключова дума дейци
653 ## - Ключова дума – ненормативна
Ключова дума мемоари
700 ## - Други автори (авторска отговорност)
Лично име Черняев, Христо Иванов
Дати, свързани с автора 1930 - 2021
Друга информация Български поет, публицист и писател
9 (RLIN) 365420
700 1# - Други автори (авторска отговорност)
Лично име Байчев, Петър Илиев
Автороска отговорност (Описва отношението между автора и произведението) прев. от рус. на том
9 (RLIN) 332438
760 1# - Описание на основната серия
Редна дума на основното описание Будьони, Семьон Михайлович
Място на издаване, издател и година 1959
Страници - том 424 с. : с ил., к.
Заглавие Кн. 1
852 ## - Местоположение
Форматна сигнатура Цб 13455
856 4# - Електронен адрес и достъп
Електронен формат pdf - файл
856 4# - Електронен адрес и достъп
Електронен формат pdf - файл
999 ## - СИСТЕМНИ КОНТРОЛНИ НОМЕРА
Koha biblionumber 154419
Koha biblioitemnumber 154419
942 ## - АРТИКУЛИ
Вид на библиотечния материал Книги
Скрит в OPAC Не
Периодичен библиозапис Да
944 ## - СЪЗДАВАНЕ И РЕДАКЦИЯ на ЗАПИСА
Създаване/Редакция Създаване
Дата на регистрацията/редакция 20.05.2014
Статус, дата на статуса Христина Везирева
Служител, извършил регистрацията/редакцията 30535
944 ## - СЪЗДАВАНЕ И РЕДАКЦИЯ на ЗАПИСА
Създаване/Редакция Редакция
Дата на регистрацията/редакция 2021-11-16
Статус, дата на статуса 2021-11-16
Служител, извършил регистрацията/редакцията К.Д.
Наличности
Код за отписване Код за изгубен артикул Източник на класификационната схема Код за повреда Коз за рестрикции Код за отдаване Артикулен № Име на библиотеката - собственик Име на библиотеката, в която се намира в момента Статус (Текущо местоположение) Дата на вписване в системата Местоположение - отдел Цена в лева Инвентарен номер Систематично азбучна сигнатура Баркод Номер на екземпляра Цена в евро Служебна бележка Служебен тип на артикула
  Не е изгубен Universal Decimal Classification Не е повреден само за читалня ползва се в читалня 258836 Регионална библиотека "Любен Каравелов" Русе Регионална библиотека "Любен Каравелов" Русе Хранилище 1959-01-01 Основен фонд - ползва се само за читалня 1.35 3057/59 Цб 13455 900000082529 1 0.69 Вид: Сф Дата: 01.01.1959 Книги
Изтеглен Не е изгубен Universal Decimal Classification Не е повреден без рестрикции заемане за дома 258837 Регионална библиотека "Любен Каравелов" Русе Регионална библиотека "Любен Каравелов" Русе Заемна - подръчен фонд 1959-01-01 Заемна - подръчен фонд 0.00 3056/59 П 355.4(092)/Б 84 3056/59 2 0.00 Вид: Сф Дата: 01.01.1959 Книги
Изтеглен Не е изгубен Universal Decimal Classification Не е повреден без рестрикции заемане за дома 258838 Регионална библиотека "Любен Каравелов" Русе Регионална библиотека "Любен Каравелов" Русе Заемна - подръчен фонд 1959-01-01 Заемна - подръчен фонд 0.00 3058/59 П 355.4(092)/Б 84 3058/59 3 0.00 Вид: Сф Дата: 01.01.1959 Книги
Vip Innovations Ltd, Rousse, Bulgaria 2025